MTCP 1992 [ Group Dynamic :

Bibliographic Details
Corporate Author: Institut Penilaian Negara
Format: Book
Published: Bangi : Institut Penilaian Negara , 1992

MARC

LEADER 00000cam a2200000 7i4500
001 0000004603
005 20090711.0
008 090711 my v
040 |a INS 
090 0 0 |a VCD 1579 
245 0 0 |a MTCP 1992 [  |h video disc] :   |b Group Dynamic :   |b 12 November 1992 
260 |a Bangi :   |b Institut Penilaian Negara ,   |c 1992 
300 |a 1 videodisc (2 hours 6 min.) :   |b sd., col. ;   |c 4 3/4 in. 
500 |a Also available in format VHS 531 
710 1 |a Institut Penilaian Negara 
999 |a VCD0001579   |b DIGITAL VIDEO CD   |c Media Collection   |e Default branch